Krajinné výstavy ako marketingový nástroj zameraný na rozvoj regiónov

Využitie krajinných výstav je výsledok marketingových aktivít, ktoré so svojimi funkciami vytvárajú atraktivity pre turistov. Forma marketingu územia, prepojenie na regionálne štruktúry, porovnanie ich využitia doma a v zahraničí.

Gespeichert in:
Bibliographische Detailangaben
1. Verfasser: Rentková, Katarína
Weitere Verfasser: Klačanská, Petronela
Format: Buchkapitel
Sprache:Slowakisch
Schlagworte:
Tags: Tag hinzufügen
Keine Tags, Fügen Sie das erste Tag hinzu!

MARC

LEADER 00000nla a2200000 4500
001 0166465
005 20221104125933.5
041 0 |a slo 
044 |a CZ 
245 1 0 |a Krajinné výstavy ako marketingový nástroj zameraný na rozvoj regiónov  |c Katarína Rentková, Petronela Klačanská 
520 |a Využitie krajinných výstav je výsledok marketingových aktivít, ktoré so svojimi funkciami vytvárajú atraktivity pre turistov. Forma marketingu územia, prepojenie na regionálne štruktúry, porovnanie ich využitia doma a v zahraničí. 
610 2 0 |a marketing regionálny 
610 2 0 |a nástroje marketingové 
610 2 0 |a komunikácia marketingová 
610 2 0 |a prostredie krajinné 
610 2 0 |a marketing regionálny 
610 2 0 |a výstavy 
100 1 |a Rentková, Katarína 
700 1 |a Klačanská, Petronela